Proyecciones pastorales para la evangelización en los medios de comunicación social
Saved in:
| Hovedforfatter: | |
|---|---|
| Format: | Bog |
| Sprog: | spansk |
| Udgivet: |
Santiago
CENDOC
1975
|
| Serier: | Documentos CENDOC. Serie Artículos, A8
|
| Fag: | |
| Tags: |
Tilføj Tag
Ingen Tags, Vær først til at tagge denne postø!
|
MARC
| LEADER | 00000nam a2200000 a 4500 | ||
|---|---|---|---|
| 001 | UCY7709 | ||
| 003 | CL-VaPUC | ||
| 008 | 950616e19751200CL |||||||||||||||||spa|d | ||
| 082 | 0 | 4 | |a 253.7 |b HOU |2 21 |
| 100 | |a Hourton Poisson, Jorge |e author |9 545767 | ||
| 245 | 1 | 0 | |a Proyecciones pastorales para la evangelización en los medios de comunicación social |
| 300 | |a 13 h | ||
| 942 | |c BK | ||
| 945 | |d 19950616 00:00:00 |a cmena | ||
| 260 | |a Santiago |b CENDOC |c 1975 | ||
| 650 | 7 | |a EVANGELIZACION |2 CL-VaPUC |9 338418 | |
| 650 | 0 | |a Medios de comunicación de masas |9 257273 | |
| 650 | 0 | |a Catolicismo |9 258690 | |
| 650 | 0 | |a Educación religiosa |9 308312 | |
| 650 | 0 | |a Metodología |9 256610 | |
| 651 | 0 | |a América Latina |9 255027 | |
| 583 | |a last modification |c 20120902 07:45:46 |k Rodrigo Vera | ||
| 490 | 0 | |a Documentos CENDOC. Serie Artículos, A8 | |
| 999 | |c 235032 |d 235030 | ||